<?xml version="1.0" encoding="UTF-8"?>
<record
    xmlns:xsi="http://www.w3.org/2001/XMLSchema-instance"
    xsi:schemaLocation="http://www.loc.gov/MARC21/slim http://www.loc.gov/standards/marcxml/schema/MARC21slim.xsd"
    xmlns="http://www.loc.gov/MARC21/slim">

  <leader>01678nam a2200325 i 4500</leader>
  <controlfield tag="001">000048351</controlfield>
  <controlfield tag="003">DO-SdBNP</controlfield>
  <controlfield tag="005">20250522103619.0</controlfield>
  <controlfield tag="006">a||||gr|||| 00| 0 </controlfield>
  <controlfield tag="007">ta</controlfield>
  <controlfield tag="008">250522e2015    dr ad   r     000   spa d</controlfield>
  <datafield tag="040" ind1=" " ind2=" ">
    <subfield code="a">DO-SdBNP</subfield>
    <subfield code="b">spa</subfield>
    <subfield code="c">BNPHU</subfield>
    <subfield code="e">rda</subfield>
  </datafield>
  <datafield tag="041" ind1=" " ind2=" ">
    <subfield code="h">spa</subfield>
  </datafield>
  <datafield tag="082" ind1=" " ind2="4">
    <subfield code="a">xxx</subfield>
    <subfield code="b">R426n</subfield>
    <subfield code="2">22</subfield>
  </datafield>
  <datafield tag="110" ind1="1" ind2=" ">
    <subfield code="a">Rep&#xFA;blica Dominicana.</subfield>
    <subfield code="b">Oficina Presidencial de Tecnolog&#xED;a de la Informaci&#xF3;n y Comunicaciones.</subfield>
    <subfield code="9">37585</subfield>
    <subfield code="e">autor</subfield>
  </datafield>
  <datafield tag="245" ind1="1" ind2="0">
    <subfield code="a">Nortic A4 2015 :</subfield>
    <subfield code="b">gu&#xED;a de implementaci&#xF3;n de la norma para la  interoperabilidad entre los organismo del gobierno dominicano. /</subfield>
  </datafield>
  <datafield tag="264" ind1=" " ind2="1">
    <subfield code="a">Santo Domingo :</subfield>
    <subfield code="b">Presidencia de la Rep&#xFA;blica</subfield>
    <subfield code="c">2015</subfield>
  </datafield>
  <datafield tag="300" ind1=" " ind2=" ">
    <subfield code="a">210 p&#xE1;ginas ;</subfield>
    <subfield code="b">Ilustraciones, gr&#xE1;ficas</subfield>
    <subfield code="c">24 cm.</subfield>
  </datafield>
  <datafield tag="336" ind1=" " ind2=" ">
    <subfield code="2">rdacontent</subfield>
    <subfield code="a">texto</subfield>
    <subfield code="b">txt</subfield>
  </datafield>
  <datafield tag="337" ind1=" " ind2=" ">
    <subfield code="2">rdamedia</subfield>
    <subfield code="a">sin  mediaci&#xF3;n</subfield>
    <subfield code="b">n</subfield>
  </datafield>
  <datafield tag="338" ind1=" " ind2=" ">
    <subfield code="2">rdacarrier</subfield>
    <subfield code="a">volumen</subfield>
    <subfield code="b">nc</subfield>
  </datafield>
  <datafield tag="500" ind1=" " ind2=" ">
    <subfield code="a">Incluye bibliograf&#xED;a y notas al pi&#xE9; de p&#xE1;ginas.</subfield>
  </datafield>
  <datafield tag="500" ind1=" " ind2=" ">
    <subfield code="a">Incluye glosario de t&#xE9;rminos, p&#xE1;ginas 61- 71.</subfield>
  </datafield>
  <datafield tag="500" ind1=" " ind2=" ">
    <subfield code="a">Incluye abreviaturas y acr&#xF3;nimos.</subfield>
  </datafield>
  <datafield tag="504" ind1=" " ind2=" ">
    <subfield code="a">Bibliograf&#xED;a: p&#xE1;ginas 79- 80</subfield>
  </datafield>
  <datafield tag="505" ind1=" " ind2=" ">
    <subfield code="a">Pr&#xF3;logo.</subfield>
    <subfield code="g">Marco Legal.-- Introducci&#xF3;n.</subfield>
    <subfield code="g">Cap&#xED;tulo I.</subfield>
    <subfield code="t">Normas para la interoperabilidad entre los organismos del Gobierno Dominicano.--</subfield>
    <subfield code="g">Cap&#xED;tulo II.</subfield>
    <subfield code="t">Cat&#xE1;logo de est&#xE1;ndares de Interoperabilidad.--</subfield>
    <subfield code="g">Cap&#xED;tulo III.</subfield>
    <subfield code="t">Interoperabilidad Organizacional.--</subfield>
    <subfield code="g">Cap&#xED;tulo IV.</subfield>
    <subfield code="t">Interoperabilidad Sem&#xE1;ntica.--</subfield>
    <subfield code="g">Cap&#xED;tulo V.</subfield>
    <subfield code="t">Interoperabilidad T&#xE9;cnica.--</subfield>
    <subfield code="t">Glosario de t&#xE9;rminos.--</subfield>
    <subfield code="t">Abreviaturas y acr&#xF3;nimos.--</subfield>
    <subfield code="t">Bibliograf&#xED;a.--</subfield>
    <subfield code="t">Anexos.--</subfield>
    <subfield code="t">Equipo de Trabajo.</subfield>
    <subfield code="t">Bibliograf&#xED;a.--</subfield>
    <subfield code="t">Anexos.--</subfield>
    <subfield code="t">Trabajo en equipo.</subfield>
  </datafield>
  <datafield tag="590" ind1=" " ind2=" ">
    <subfield code="a">Inventariado, 2025/DG</subfield>
  </datafield>
  <datafield tag="910" ind1=" " ind2=" ">
    <subfield code="a">DG</subfield>
  </datafield>
  <datafield tag="942" ind1=" " ind2=" ">
    <subfield code="2">ddc</subfield>
    <subfield code="c">LBS1</subfield>
  </datafield>
  <datafield tag="952" ind1=" " ind2=" ">
    <subfield code="0">0</subfield>
    <subfield code="1">0</subfield>
    <subfield code="2">ddc</subfield>
    <subfield code="5">1</subfield>
    <subfield code="7">0</subfield>
    <subfield code="8">PD</subfield>
    <subfield code="a">BNPHU</subfield>
    <subfield code="b">BNPHU</subfield>
    <subfield code="c">CT</subfield>
    <subfield code="d">2025-05-22</subfield>
    <subfield code="e">donaci&#xF3;n</subfield>
    <subfield code="l">0</subfield>
    <subfield code="o">BNPHU PD R426n</subfield>
    <subfield code="p">2025-4518</subfield>
    <subfield code="r">2025-05-22</subfield>
    <subfield code="w">2025-05-22</subfield>
    <subfield code="y">LBS1</subfield>
  </datafield>
  <datafield tag="999" ind1=" " ind2=" ">
    <subfield code="c">59085</subfield>
    <subfield code="d">59085</subfield>
  </datafield>
</record>
